Sociálna psychológia v službách našej spoločnosti 2 dni výmeny skúseností z praxe psychológa

Enregistré dans:
Détails bibliographiques
Format: Livre
Langue:slovaque
Publié: Bratislava Dom techniky ČSVTS 1981
Tags: Ajouter un tag
Pas de tags, Soyez le premier à ajouter un tag!

MARC

LEADER 00000nam a2200000 4500
001 c126721
005 20041019155238.7
041 0 |a slo 
044 |a SK 
245 1 0 |a Sociálna psychológia v službách našej spoločnosti  |b 2 dni výmeny skúseností z praxe psychológa 
264 1 |a Bratislava  |b Dom techniky ČSVTS  |c 1981 
300 |a 162 s.